000 00909nam a2200325 4500
001 000177611
003 DO-SdBNP
005 20180221101833.0
007 000177611
008 920407s1992 sp a | |||| ||spa
016 7 _a
_2BPMSU
017 _a
_b
020 _a8434829797
035 _a
040 _aBPMSU
_bspa
_cBPMSU
_e
080 0 _a
092 _a863.6
_bA454t
100 1 _aAlonso, Manuel L.
_d1948-
245 1 3 _aLa tienda mágica /
_cManuel L. Alonso ; ilustraciones, Olga Pérez Alonso
_h
250 _a4ª ed.
260 _aMadrid :
_bSM,
_c1992.
300 _a91 p.:
_bil. ;
_c19 cm
490 0 _aEl barco de vapor
_aSerie azul
_v39
521 _aA partir de 7 años.
700 1 _aPérez Alonso, Olga
_eil.
830 0 _aEl barco de vapor.
_pSerie azul
_v39
942 _2ddc
_cBK
945 _aInventariado, 2018/ YL
956 _a VMATEO
_210
_320160406
_6BPMSU
_80069
999 _c9581
_d9581